000 00617nam a22001937a 4500
005 20160329162855.0
010 _aENG-114898
020 _a9789350097984
_c350.00
035 _aEN-98430
037 _bDBAD/PUB
082 _aS
100 _aSambharia, Ratan Kumar
245 _aThunder-storm :
_bDalit stories /
_cby Ratan Kumar Sambharia ; translated by Mridul Bhasin
260 _aGurgaon
_bHachette Book Publishing
_c2015
270 _a4th and 5th Floors, Corporate Centre, Plot No.-94,Sector-44,
_bGurgaon
_e122003
300 _axii,244p.
_b22cm(pbk)
700 _aBhasin,Mridul
942 _2ddc
_cEN
_mSAM
_hS
999 _c98896
_d98896